[Event "Titled Tuesday intern op 16th May Early"]
[Site "Chess.com INT"]
[Date "2023.05.16"]
[Round "9"]
[White "Fajdetic, Hrvoje"]
[Black "Santarius, Erik F"]
[Result "0-1"]
[WhiteElo "2151"]
[BlackElo "2326"]
[PlyCount "110"]
[EventDate "2023.05.16"]
[EventType "swiss (blitz)"]
[EventRounds "11"]
[EventCountry "USA"]
[SourceTitle "CBM 214 Extra"]
[Source "ChessBase"]
[SourceDate "2023.07.31"]
[SourceVersion "1"]
[SourceVersionDate "2023.07.31"]
[SourceQuality "1"]

1. d4 d5 2. Bf4 c5 3. e3 cxd4 4. exd4 Nc6 5. Nc3 a6 6. Nce2 Bf5 7. c3 e6 8. Ng3 Bg6 9. h4 h6 10. h5 Bh7 11. Bd3 Bxd3 12. Qxd3 Nf6 13. Nf3 Bd6 14. Bxd6 Qxd6 15. 0-0 0-0 16. Rfe1 b5 17. Ne5 Rfb8 18. Nxc6 Qxc6 19. a3 a5 20. Ra2 b4 21. axb4 axb4 22. Rea1 Rxa2 23. Rxa2 bxc3 24. bxc3 Rb3 25. Rc2 Qc7 26. Qf3 Rb1+ 27. Kh2 Ra1 28. Kh3 Ne4 29. Kh2 Nxg3 30. Qxg3 Qxg3+ 31. Kxg3 Kf8 32. Kf3 Ke7 33. c4 Ra3+ 34. Kf4 Rd3 35. cxd5 Rxd4+ 36. Ke3 Rxd5 37. g4 Kf6 38. f4 Ra5 39. Rc3 Ra1 40. Kf3 Rf1+ 41. Kg3 Re1 42. Rb3 Rc1 43. Rd3 Rb1 44. Ra3 Rb7 45. Ra6 Rc7 46. Ra3 Rd7 47. Rb3 Ke7 48. Rc3 Kd6 49. Rb3 Kc5 50. Ra3 Kc4 51. Rf3 Rd3 52. Rxd3 Kxd3 53. Kf3 f6 54. g5 f5 55. gxh6 gxh6 0-1

[Event "Sitges Sunway op 8th"]
[Site "Sitges"]
[Date "2021.12.17"]
[Round "5"]
[White "Santarius, Erik F"]
[Black "Abbasov, Amil Habil Oglu"]
[Result "1-0"]
[WhiteElo "2355"]
[BlackElo "2184"]
[PlyCount "89"]
[EventDate "2021.12.13"]
[EventType "swiss"]
[EventRounds "10"]
[EventCountry "ESP"]
[SourceTitle "CBM 205 Extra"]
[Source "ChessBase"]
[SourceDate "2022.01.31"]
[SourceVersion "1"]
[SourceVersionDate "2022.01.31"]
[SourceQuality "1"]

1. d4 Nf6 2. c4 c5 3. d5 e6 4. Nc3 exd5 5. cxd5 d6 6. Nf3 g6 7. Nd2 Nbd7 8. e4 Bg7 9. Be2 0-0 10. 0-0 Re8 11. f3 Ne5 12. a4 a6 13. Ndb1 Rb8 14. Na3 h6 15. Be3 g5 16. Qd2 Ng6 17. Rab1 Nh5 18. b4 Nhf4 19. Rfc1 Nxe2+ 20. Nxe2 g4 21. bxc5 gxf3 22. gxf3 Nh4 23. Rf1 Bh3 24. Rf2 Bg2 25. Nd4 dxc5 26. Nf5 Nxf3+ 27. Rxf3 Bxf3 28. Nxg7 Kxg7 29. Bxh6+ Kh7 30. Bf4 Bxe4 31. Rb3 Rg8+ 32. Kf1 Bg2+ 33. Kf2 Qxd5 34. Rh3+ Kg6 35. Rd3 Qe4 36. Bxb8 Rxb8 37. Rg3+ Kh7 38. Qg5 Qd4+ 39. Kxg2 Qe4+ 40. Kf1 Qh1+ 41. Kf2 Qxh2+ 42. Rg2 Qh6 43. Qf5+ Kh8 44. Qe5+ Kh7 45. Rh2 1-0

[Event "Sitges Sunway op 8th"]
[Site "Sitges"]
[Date "2021.12.14"]
[Round "2"]
[White "Abdusattorov, Nodirbek"]
[Black "Santarius, Erik F"]
[Result "1/2-1/2"]
[WhiteElo "2633"]
[BlackElo "2355"]
[PlyCount "169"]
[EventDate "2021.12.13"]
[EventType "swiss"]
[EventRounds "10"]
[EventCountry "ESP"]
[SourceTitle "CBM 205 Extra"]
[Source "ChessBase"]
[SourceDate "2022.01.31"]
[SourceVersion "1"]
[SourceVersionDate "2022.01.31"]
[SourceQuality "1"]

1. e4 e5 2. Nf3 Nc6 3. Bc4 Bc5 4. c3 Nf6 5. d3 0-0 6. 0-0 d5 7. exd5 Nxd5 8. Nbd2 Nb6 9. Bb5 Bd6 10. Ne4 Bg4 11. h3 Bh5 12. Re1 Re8 13. Bg5 f6 14. Be3 a6 15. Bxc6 bxc6 16. Ng3 Bf7 17. c4 e4 18. Nxe4 Nxc4 19. Nxd6 Nxd6 20. Nd4 c5 21. Nb3 c4 22. Nc5 Qb8 23. Qc1 Qb5 24. dxc4 Nxc4 25. Bd4 Rad8 26. Qc3 Qc6 27. Rxe8+ Rxe8 28. b3 Nd6 29. Re1 Rxe1+ 30. Qxe1 Nb7 31. Qe7 Nxc5 32. Bxc5 h6 33. f3 Be6 34. Kf2 Qd7 35. Qf8+ Kh7 36. Be3 Qc6 37. Qe7 Bf5 38. Kg3 Qd6+ 39. Qxd6 cxd6 40. Kf2 Kg8 41. Bf4 d5 42. Ke3 Bb1 43. Kd2 Kf7 44. Bd6 h5 45. a4 Ke6 46. Bf8 g6 47. Kc3 Ke5 48. Bc5 Ke6 49. Bd4 f5 50. h4 Kd6 51. Be3 Kc6 52. Bf4 Kd7 53. b4 Ba2 54. Kd4 Bc4 55. Kc5 Bf1 56. b5 axb5 57. axb5 Be2 58. b6 Ba6 59. Kxd5 Kc8 60. Kc6 Bb7+ 61. Kd6 Ba6 62. Be3 Bf1 63. Kc6 Ba6 64. Bd4 Bb7+ 65. Kd6 Ba6 66. Ke5 Bf1 67. g3 Be2 68. f4 Bg4 69. Kf6 Kb7 70. Kxg6 Kc6 71. Kf7 Kb7 72. Ke7 Kc6 73. Kd8 Kb7 74. Kd7 Bh3 75. Ke6 Bg4 76. Kd5 Bh3 77. Kc5 Bg4 78. Be5 Bh3 79. Bc7 Bg4 80. Kd5 Bh3 81. Ke6 Bg4 82. Kf6 Kc6 83. Kg5 Kb7 84. Kg6 Kc6 85. Kg5 1/2-1/2

[Event "Las Vegas National op"]
[Site "Las Vegas"]
[Date "2021.06.20"]
[Round "8"]
[White "Santarius, Erik F"]
[Black "Matviishen, Viktor"]
[Result "0-1"]
[WhiteElo "2378"]
[BlackElo "2512"]
[PlyCount "68"]
[EventDate "2021.06.16"]
[EventType "swiss"]
[EventRounds "9"]
[EventCountry "USA"]
[SourceTitle "CBM 203 Extra"]
[Source "ChessBase"]
[SourceDate "2021.09.30"]
[SourceVersion "1"]
[SourceVersionDate "2021.09.30"]
[SourceQuality "1"]

1. Nf3 d5 2. e3 Nf6 3. d4 c5 4. Be2 Nc6 5. 0-0 Bg4 6. c4 dxc4 7. Bxc4 e6 8. Bb5 Qb6 9. Nc3 a6 10. Ba4 Be7 11. h3 Bxf3 12. Qxf3 cxd4 13. exd4 0-0 14. d5 exd5 15. Nxd5 Nxd5 16. Qxd5 Rad8 17. Qb3 Qxb3 18. Bxb3 Bf6 19. Rb1 Bd4 20. Bg5 Rd7 21. Rbd1 h6 22. Bc1 Rfd8 23. Rfe1 Kf8 24. g4 Bf6 25. Rxd7 Rxd7 26. Kf1 Nd4 27. Ba4 b5 28. Bd1 Bg5 29. Be3 Bxe3 30. Rxe3 Ne6 31. Bf3 Nf4 32. h4 Rd2 33. Rb3 Nd3 34. Be2 Nc1 0-1

[Event "Rilton Cup 49th"]
[Site "Stockholm"]
[Date "2019.12.31"]
[Round "5"]
[White "Santarius, Erik F"]
[Black "Meskovs, Nikita"]
[Result "0-1"]
[WhiteElo "2382"]
[BlackElo "2558"]
[PlyCount "54"]
[EventDate "2019.12.27"]
[EventType "swiss"]
[EventRounds "9"]
[EventCountry "SWE"]
[SourceTitle "CBM 194 Extra"]
[Source "ChessBase"]
[SourceDate "2020.03.31"]
[SourceVersion "1"]
[SourceVersionDate "2020.03.31"]
[SourceQuality "1"]

1. d4 d5 2. Nf3 e6 3. c4 a6 4. cxd5 exd5 5. Nc3 Nf6 6. Bf4 Bd6 7. Bxd6 Qxd6 8. e3 Bf5 9. Nh4 Bg6 10. Qb3 b6 11. Rc1 0-0 12. g4 h6 13. Bg2 c6 14. Nxg6 fxg6 15. h3 Nbd7 16. e4 Kh7 17. e5 Nxe5 18. dxe5 Qxe5+ 19. Kf1 Rae8 20. Bf3 Ne4 21. Bxe4 dxe4 22. Nd1 e3 23. Nxe3 Qf4 24. Rc2 Rxe3 25. Qc4 Qf3 26. Rh2 Qd1+ 27. Kg2 Re1 0-1

[Event "Rilton Cup 49th"]
[Site "Stockholm"]
[Date "2019.12.30"]
[Round "4"]
[White "Santarius, Erik F"]
[Black "Valsecchi, Alessio"]
[Result "1-0"]
[WhiteElo "2382"]
[BlackElo "2503"]
[PlyCount "65"]
[EventDate "2019.12.27"]
[EventType "swiss"]
[EventRounds "9"]
[EventCountry "SWE"]
[SourceTitle "CBM 194 Extra"]
[Source "ChessBase"]
[SourceDate "2020.03.31"]
[SourceVersion "1"]
[SourceVersionDate "2020.03.31"]
[SourceQuality "1"]

1. d4 d5 2. Nf3 Nf6 3. c4 e6 4. Nc3 Bb4 5. Qa4+ Nc6 6. Bg5 h6 7. Bxf6 Qxf6 8. cxd5 exd5 9. e3 0-0 10. Rc1 Qg6 11. Nh4 Qf6 12. Nf3 Qg6 13. Nh4 Qg4 14. Nf3 Be6 15. h3 Qg6 16. Qd1 a6 17. Bd3 Qf6 18. 0-0 Rfe8 19. a3 Bd6 20. Na4 Rad8 21. Nc5 Bc8 22. b4 g5 23. Nh2 a5 24. Ng4 Qg7 25. Qf3 f5 26. Bxf5 Rf8 27. Be6+ Kh8 28. Qd1 h5 29. Bxc8 Rxc8 30. Nxb7 hxg4 31. Rxc6 g3 32. Nxd6 gxf2+ 33. Rxf2 1-0

[Event "US Masters op"]
[Site "Greensboro"]
[Date "2019.08.23"]
[Round "5"]
[White "Santarius, Erik F"]
[Black "Rodriguez Rivera, Pedro"]
[Result "1/2-1/2"]
[WhiteElo "2407"]
[BlackElo "2183"]
[PlyCount "44"]
[EventDate "2019.08.21"]
[EventType "swiss"]
[EventRounds "9"]
[EventCountry "USA"]
[SourceTitle "EXT 2020"]
[Source "ChessBase"]
[SourceDate "2019.10.17"]
[SourceVersion "1"]
[SourceVersionDate "2019.10.17"]
[SourceQuality "1"]

1. d4 Nf6 2. c4 d6 3. Nf3 Nbd7 4. Nc3 e5 5. e4 Be7 6. Be2 0-0 7. 0-0 exd4 8. Nxd4 g6 9. Qc2 c6 10. Bf4 Qb6 11. Rad1 Nc5 12. Nb3 Nxb3 13. axb3 Rd8 14. Na4 Qc7 15. c5 Be6 16. Nc3 Ne8 17. Rd4 Qc8 18. cxd6 Bxd6 19. Bxd6 Rxd6 20. Rxd6 Nxd6 21. e5 Ne8 22. Bc4 Bf5 1/2-1/2

[Event "US Masters op"]
[Site "Greensboro"]
[Date "2019.08.22"]
[Round "2"]
[White "Cervantes Landeiro, Thalia"]
[Black "Santarius, Erik F"]
[Result "1-0"]
[WhiteElo "2118"]
[BlackElo "2407"]
[PlyCount "71"]
[EventDate "2019.08.21"]
[EventType "swiss"]
[EventRounds "9"]
[EventCountry "USA"]
[SourceTitle "EXT 2020"]
[Source "ChessBase"]
[SourceDate "2019.10.17"]
[SourceVersion "1"]
[SourceVersionDate "2019.10.17"]
[SourceQuality "1"]

1. d4 d5 2. c4 e6 3. Nc3 Be7 4. cxd5 exd5 5. Bf4 c6 6. Qc2 g6 7. e3 Bf5 8. Qd2 h5 9. h3 g5 10. Bh2 Nf6 11. Bd3 Bxd3 12. Qxd3 Nbd7 13. Nf3 g4 14. Ne5 Qa5 15. hxg4 hxg4 16. 0-0-0 Rg8 17. Nxd7 Nxd7 18. e4 Bb4 19. exd5 cxd5 20. Rhe1+ Kd8 21. Qh7 Rf8 22. Qh4+ f6 23. Re3 Rc8 24. Qh7 Qxa2 25. Rde1 Rc6 26. Qg6 Ne5 27. dxe5 d4 28. exf6 Rxc3+ 29. bxc3 Ba3+ 30. Kd1 dxe3 31. Qd3+ Kc8 32. Qf5+ Kd8 33. Rxe3 Qb3+ 34. Ke2 Qc4+ 35. Rd3+ Ke8 36. Qd7# 1-0

[Event "Washington op 8th"]
[Site "Rockville"]
[Date "2019.07.30"]
[Round "7"]
[White "Guo, Arthur"]
[Black "Santarius, Erik F"]
[Result "1/2-1/2"]
[WhiteElo "2284"]
[BlackElo "2403"]
[PlyCount "137"]
[EventDate "2019.07.27"]
[EventType "swiss"]
[EventRounds "9"]
[EventCountry "USA"]
[SourceTitle "CBM 191 Extra"]
[Source "ChessBase"]
[SourceDate "2019.09.30"]
[SourceVersion "1"]
[SourceVersionDate "2019.09.30"]
[SourceQuality "1"]

1. e4 c6 2. Nf3 d5 3. Nc3 dxe4 4. Nxe4 Nf6 5. Qe2 Nxe4 6. Qxe4 Qd5 7. Qh4 Qe6+ 8. Be2 Qg4 9. Qg3 Qxg3 10. hxg3 Nd7 11. g4 g6 12. d4 Bg7 13. g5 b6 14. Bf4 Bb7 15. 0-0-0 0-0-0 16. Rh2 c5 17. dxc5 Nxc5 18. Rxd8+ Kxd8 19. Ne5 Ke8 20. Bc4 e6 21. Bb5+ Ke7 22. Bc6 a6 23. Bxb7 Nxb7 24. Nc6+ Kd7 25. Nb8+ Ke7 26. Nxa6 Nd6 27. Nb4 e5 28. Be3 b5 29. g4 Ke6 30. Nd3 Nc4 31. Bc5 e4 32. Nf4+ Ke5 33. Be3 Kd6 34. b3 Ne5 35. Bd4 h6 36. Ne2 hxg5 37. Rxh8 Bxh8 38. Nc3 b4 39. Nxe4+ Kd5 40. Bxe5 Bxe5 41. f3 Kd4 42. c3+ bxc3 43. Kc2 Ke3 44. a4 Kxf3 45. Nxg5+ Kxg4 46. Nxf7 Bc7 47. Kxc3 Kf5 48. Kc4 Bf4 49. a5 Ke6 50. a6 Be3 51. Ng5+ Kd6 52. b4 Kc6 53. b5+ Kb6 54. Ne4 g5 55. Nf6 Bf2 56. Nd7+ Ka7 57. Kd5 g4 58. Ke4 g3 59. Kf3 Be1 60. Nf6 Bc3 61. Nd5 Be5 62. Ne7 Kb6 63. Nc8+ Kc7 64. Ne7 Kb6 65. Nc6 Bd6 66. Kg2 Bc5 67. a7 Kb7 68. Kxg3 Bxa7 69. Kf4 1/2-1/2

[Event "Washington op 8th"]
[Site "Rockville"]
[Date "2019.07.30"]
[Round "8"]
[White "Santarius, Erik F"]
[Black "Homa, Seth"]
[Result "1-0"]
[WhiteElo "2403"]
[BlackElo "2281"]
[PlyCount "39"]
[EventDate "2019.07.27"]
[EventType "swiss"]
[EventRounds "9"]
[EventCountry "USA"]
[SourceTitle "CBM 191 Extra"]
[Source "ChessBase"]
[SourceDate "2019.09.30"]
[SourceVersion "1"]
[SourceVersionDate "2019.09.30"]
[SourceQuality "1"]

1. d4 Nf6 2. c4 e6 3. Nf3 d5 4. g3 dxc4 5. Bg2 a6 6. 0-0 Nc6 7. e3 Bd7 8. Qe2 Bd6 9. Qxc4 0-0 10. Nbd2 Rb8 11. b3 e5 12. Bb2 Qe7 13. dxe5 Nxe5 14. Qc2 Bb5 15. Rfc1 Nd3 16. a4 Nxf2 17. axb5 axb5 18. Bxf6 Qxe3 19. Bd4 Nh3+ 20. Kf1 1-0

[Event "Washington op 8th"]
[Site "Rockville"]
[Date "2019.07.28"]
[Round "3"]
[White "Santarius, Erik F"]
[Black "Wang, Jason"]
[Result "1/2-1/2"]
[WhiteElo "2403"]
[BlackElo "2293"]
[PlyCount "42"]
[EventDate "2019.07.27"]
[EventType "swiss"]
[EventRounds "9"]
[EventCountry "USA"]
[SourceTitle "CBM 191 Extra"]
[Source "ChessBase"]
[SourceDate "2019.09.30"]
[SourceVersion "1"]
[SourceVersionDate "2019.09.30"]
[SourceQuality "1"]

1. d4 d5 2. Nf3 c5 3. c4 dxc4 4. e3 cxd4 5. Bxc4 Qc7 6. Bb3 dxe3 7. Bxe3 e6 8. Nc3 Nc6 9. 0-0 a6 10. Na4 Nf6 11. Rc1 Be7 12. Qd2 0-0 13. Bf4 Qd8 14. Qe2 Nd5 15. Bg3 Qa5 16. Rfd1 Bd7 17. a3 Rfe8 18. Nc3 Nxc3 19. Rxc3 Rad8 20. Bc2 Bc8 21. b4 Qh5 1/2-1/2

[Event "Philadelphia int op 13th"]
[Site "Philadelphia"]
[Date "2019.06.28"]
[Round "3"]
[White "Li, Eric M"]
[Black "Santarius, Erik F"]
[Result "0-1"]
[WhiteElo "1982"]
[BlackElo "2403"]
[PlyCount "98"]
[EventDate "2019.06.27"]
[EventType "swiss"]
[EventRounds "9"]
[EventCountry "USA"]
[SourceTitle "EXT 2020"]
[Source "ChessBase"]
[SourceDate "2019.10.17"]
[SourceVersion "1"]
[SourceVersionDate "2019.10.17"]
[SourceQuality "1"]

1. d4 d5 2. c4 e6 3. Nc3 Nf6 4. cxd5 Nxd5 5. e4 Nxc3 6. bxc3 c5 7. Nf3 cxd4 8. cxd4 Bb4+ 9. Bd2 Bxd2+ 10. Qxd2 0-0 11. Be2 b6 12. 0-0 Bb7 13. Qe3 Nd7 14. Rfd1 Qe7 15. a4 Nf6 16. Nd2 Rfc8 17. a5 bxa5 18. Rxa5 Rc2 19. Rb1 Qc7 20. Rc5 Rxc5 21. dxc5 a5 22. f3 Nd7 23. Rc1 Bc6 24. Nc4 Rb8 25. Qd2 Bb5 26. c6 Qxc6 27. Ne3 Qb6 28. Rb1 Qc5 29. Bxb5 Rxb5 30. Rc1 Qb6 31. Kh1 Rb1 32. Nc4 Qb4 33. Qd1 Rxc1 34. Qxc1 h6 35. h3 a4 36. Qc2 Nc5 37. Qa2 Nb3 38. Qc2 a3 39. Ne5 Nc5 40. Kh2 g6 41. Qc1 a2 42. Ng4 Qd4 43. Qf4 a1Q 44. Nxh6+ Kg7 45. Qxf7+ Kxh6 46. Qf8+ Kh7 47. Qe7+ Qg7 48. Qh4+ Qh6 49. Qe7+ Qag7 0-1

[Event "Chicago op 28th"]
[Site "Chicago"]
[Date "2019.05.26"]
[Round "6"]
[White "Santarius, Erik F"]
[Black "Liang, Awonder"]
[Result "1/2-1/2"]
[WhiteElo "2396"]
[BlackElo "2600"]
[PlyCount "71"]
[EventDate "2019.05.23"]
[EventType "swiss"]
[EventRounds "9"]
[EventCountry "USA"]
[SourceTitle "CBM 190 Extra"]
[Source "ChessBase"]
[SourceDate "2019.07.15"]
[SourceVersion "1"]
[SourceVersionDate "2019.07.15"]
[SourceQuality "1"]

1. d4 Nf6 2. c4 e6 3. Nf3 a6 4. Nc3 d5 5. cxd5 exd5 6. Bf4 Be7 7. e3 Be6 8. h3 h6 9. Bd3 Nbd7 10. 0-0 0-0 11. Rc1 c6 12. Ne5 Nxe5 13. Bxe5 Nd7 14. Bf4 Re8 15. Qf3 Bf8 16. Qg3 Kh8 17. Bd6 Bxd6 18. Qxd6 Rg8 19. Ne2 g5 20. Ng3 Qf8 21. Qxf8 Raxf8 22. Nf5 h5 23. Nd6 Rb8 24. f4 gxf4 25. Rxf4 Rg7 26. Rcf1 Bxh3 27. Nxf7+ Kg8 28. Nh6+ Kh8 29. R1f2 Bg4 30. Nf7+ Kg8 31. Nh6+ Kh8 32. Kh2 Re8 33. Nf7+ Kg8 34. Nh6+ Kh8 35. Nf7+ Kg8 36. Nh6+ 1/2-1/2

[Event "Fagernes GM op"]
[Site "Fagernes"]
[Date "2019.04.20"]
[Round "8"]
[White "Mihajlov, Sebastian"]
[Black "Santarius, Erik F"]
[Result "1/2-1/2"]
[WhiteElo "2361"]
[BlackElo "2411"]
[PlyCount "60"]
[EventDate "2019.04.14"]
[EventType "swiss"]
[EventRounds "9"]
[EventCountry "NOR"]
[SourceTitle "CBM 189 Extra"]
[Source "ChessBase"]
[SourceDate "2019.06.03"]
[SourceVersion "1"]
[SourceVersionDate "2019.06.03"]
[SourceQuality "1"]

1. e4 e5 2. Nf3 Nc6 3. d4 exd4 4. Bc4 Bc5 5. 0-0 d6 6. c3 Bg4 7. Qb3 Bxf3 8. Bxf7+ Kf8 9. Bxg8 Rxg8 10. gxf3 Bb6 11. Qe6 Qf6 12. Qh3 g5 13. Kh1 Ne5 14. a4 dxc3 15. Nxc3 Qxf3+ 16. Qxf3+ Nxf3 17. a5 Bc5 18. b4 Bxb4 19. Nd5 c5 20. Nxb4 cxb4 21. Rb1 b5 22. a6 Rg6 23. Rxb4 d5 24. exd5 Rxa6 25. Rxb5 Kf7 26. Be3 Rh6 27. Kg2 Nh4+ 28. Kh1 Nf3 29. Kg2 Nh4+ 30. Kh1 Nf3 1/2-1/2

[Event "Bay Area op"]
[Site "Burlingame"]
[Date "2019.01.07"]
[Round "9"]
[White "Santarius, Erik F"]
[Black "Prohaszka, Peter"]
[Result "0-1"]
[WhiteElo "2393"]
[BlackElo "2613"]
[PlyCount "90"]
[EventDate "2019.01.01"]
[EventType "swiss"]
[EventRounds "9"]
[EventCountry "USA"]
[SourceTitle "CBM 188 Extra"]
[Source "ChessBase"]
[SourceDate "2019.02.26"]
[SourceVersion "1"]
[SourceVersionDate "2019.02.26"]
[SourceQuality "1"]

1. d4 d5 2. c4 dxc4 3. e4 e5 4. Nf3 exd4 5. Bxc4 Nc6 6. 0-0 Bc5 7. Nbd2 Bb6 8. b4 Nge7 9. a4 a6 10. Ng5 Ne5 11. Ba2 0-0 12. f4 Ng4 13. f5 d3+ 14. Kh1 Bxf5 15. Bb2 Qd6 16. g3 Qh6 17. Ndf3 Ne3 18. Qxd3 Nxf1 19. Rxf1 Bg6 20. a5 Ba7 21. h4 Rad8 22. Qc3 Nc6 23. Bd5 Bh5 24. Kg2 Kh8 25. Kh3 Bxf3 26. Qxf3 f6 27. Bxc6 bxc6 28. Ne6 Qd2 29. Bc3 Qd7 30. Qg4 Rfe8 31. Rd1 Qe7 32. Nxd8 Rxd8 33. Rxd8+ Qxd8 34. Qe6 h5 35. e5 Qd1 36. Qxc6 fxe5 37. Qa8+ Kh7 38. Qe4+ g6 39. Be1 Bd4 40. b5 axb5 41. a6 b4 42. Kg2 b3 43. a7 Bxa7 44. Qxe5 Qc2+ 45. Kh1 Qc5 0-1

[Event "Bay Area op"]
[Site "Burlingame"]
[Date "2019.01.03"]
[Round "3"]
[White "Santarius, Erik F"]
[Black "Jones, Craig W"]
[Result "1-0"]
[WhiteElo "2393"]
[BlackElo "2138"]
[PlyCount "63"]
[EventDate "2019.01.01"]
[EventType "swiss"]
[EventRounds "9"]
[EventCountry "USA"]
[SourceTitle "CBM 188 Extra"]
[Source "ChessBase"]
[SourceDate "2019.02.26"]
[SourceVersion "1"]
[SourceVersionDate "2019.02.26"]
[SourceQuality "1"]

1. d4 d5 2. Nf3 Nf6 3. c4 c6 4. Nbd2 Bf5 5. Nh4 Bg6 6. Qb3 Qb6 7. Qh3 Nbd7 8. Nxg6 fxg6 9. e3 c5 10. dxc5 Nxc5 11. Be2 Nfe4 12. Nxe4 dxe4 13. 0-0 e5 14. Rb1 Rd8 15. b4 Be7 16. Ba3 Nd3 17. Qg4 Qa6 18. Rb3 Qxc4 19. Rxd3 Rxd3 20. Bxd3 Qxd3 21. Rd1 Qxa3 22. Qc8+ Kf7 23. Qxh8 Qxb4 24. Qc8 Qa4 25. Rd2 Qb4 26. Qc2 Ke6 27. Rd1 b5 28. Qc6+ Kf7 29. Qd5+ Kf6 30. Rc1 Bd6 31. h4 Kf5 32. Rc6 1-0

[Event "Saint Louis SPICE Cup op 12th"]
[Site "Saint Louis"]
[Date "2018.10.25"]
[Round "4"]
[White "Colas, Joshua"]
[Black "Santarius, Erik F"]
[Result "0-1"]
[WhiteElo "2334"]
[BlackElo "2404"]
[PlyCount "78"]
[EventDate "2018.10.23"]
[EventType "swiss"]
[EventRounds "9"]
[EventCountry "USA"]
[SourceTitle "CBM 187 Extra"]
[Source "ChessBase"]
[SourceDate "2018.11.04"]
[SourceVersion "1"]
[SourceVersionDate "2018.11.04"]
[SourceQuality "1"]

1. Nf3 d5 2. c4 e6 3. g3 dxc4 4. Qa4+ Bd7 5. Qxc4 c5 6. Bg2 Bc6 7. 0-0 Nf6 8. b3 Be7 9. Bb2 0-0 10. d3 Nbd7 11. Nbd2 Qc7 12. Qc2 Rac8 13. Nc4 Rfd8 14. e4 b6 15. Rad1 Bb7 16. Nfe5 b5 17. Nxd7 Nxd7 18. Ne3 Bf6 19. Bxf6 Nxf6 20. f4 Qb6 21. Qf2 Rc7 22. g4 Rcd7 23. g5 Nh5 24. f5 e5 25. f6 Nf4 26. fxg7 Qg6 27. h4 Qh5 28. Nf5 Bxe4 29. Ng3 Qg4 30. Nxe4 Nh3+ 31. Kh2 Nxf2 32. Nf6+ Kxg7 33. Nxg4 Nxg4+ 34. Kg3 Ne3 35. Rde1 Nxf1+ 36. Bxf1 f6 37. Re3 Rd4 38. gxf6+ Kxf6 39. Rf3+ Rf4 0-1